Knot theory and manifolds : proceedings of a conference held in Vancouver, Canada, June 2-4, 1983

Αποθηκεύτηκε σε:
Λεπτομέρειες βιβλιογραφικής εγγραφής
Συγγραφή απο Οργανισμό/Αρχή: Canadian Mathematical Society
Άλλοι συγγραφείς: Rolfsen, Dale (Επιμελητής έκδοσης)
Μορφή: Βιβλίο
Γλώσσα:English
Δημοσίευση: Berlin : Springer-Verlag, c1985.
Σειρά:Lecture notes in mathematics (Springer-Verlag) 1144
Θέματα:
Ετικέτες: Προσθήκη ετικέτας
Δεν υπάρχουν, Καταχωρήστε ετικέτα πρώτοι!

MARC

LEADER 00000cam a2200000 i 4500
001 1/62978
008 941103s1985 gw | ||| |||| ||eng||
020 |a 3540156801 
035 |l 10046711 
035 |a 1993 
040 |a GR-MyUa  |b gre  |e AACR2 
041 0 |a eng 
082 7 |a 514.224   |2 (19) 
245 0 0 |a Knot theory and manifolds :   |b proceedings of a conference held in Vancouver, Canada, June 2-4, 1983 /   |c edited by D. Rolfsen. 
260 |a Berlin :   |b Springer-Verlag,   |c c1985. 
300 |a 163 σ. :   |b εικ. ;   |c 25 εκ. 
490 1 |a (Lecture notes in mathematics ;   |v 1144) 
500 |a Based on lectures given at a special session at the summer 1983 meeting of the Canadian Mathematical Society. 
504 |a Περιλαμβάνει βιβλιογραφικές παραπομπές. 
650 0 |a Knot theory  |x Congresses. 
650 0 |a Manifolds (Mathematics)  |x Congresses. 
650 0 |a Variables (Mathematics)  |x Congresses. 
700 1 |a Rolfsen, Dale,  |e edt 
710 2 |a Canadian Mathematical Society. 
830 0 |a Lecture notes in mathematics (Springer-Verlag)  |v 1144 
852 |a INST  |b SAMOS  |e 19941103  |h 514.224 KNO  |p 005300006960  |q 005300006960  |t BK  |y 0